KOHA-Header-6

Computer Graphics Using Open GL (Record no. 13156)

000 -LEADER
fixed length control field 00272nam a2200121Ia 4500
020 ## - INTERNATIONAL STANDARD BOOK NUMBER
ISBN 978-93-325-5530-3
082 ## - DEWEY DECIMAL CLASSIFICATION NUMBER
Classification number 006.6
100 ## - MAIN ENTRY--AUTHOR NAME
Personal name F. S. Hill , JR
245 #0 - TITLE STATEMENT
Title Computer Graphics Using Open GL
260 ## - PUBLICATION, DISTRIBUTION, ETC. (IMPRINT)
Place of publication India
Name of publisher Education
Year of publication 2000
300 ## - PHYSICAL DESCRIPTION
Number of Pages 922
942 ## - ADDED ENTRY ELEMENTS (KOHA)
Koha item type Computer Science
Holdings
Withdrawn status Lost status Collection code Permanent Location Current Location Shelving location Date acquired Full call number Accession Number Koha item type
    Computer Science MAJU MAJU Shelf No.A18 2021-10-01 006.6 2028 Computer Science

Powered by Koha